000 00737nam a2200205Ii 4500
003 JO-AjNU
008 230605s9999||||xx |||||||||||||| ||und||
017 _a2009/11/4734
040 _aJO-AjNU
_bara
_erda
_cJO-AjNU
041 _aara
050 1 4 _aHN766.A85.B373 2009
100 3 _aبركات، حليم,
_eauthor
_949570
245 0 0 _aالمجتمع العربي المعاصر: بحث في تغير الاحوال والعلاقات
264 3 1 _aعمان: وزارة الثقافة، 2009
300 _a638ص
_bيحتوي على ببلوغرافية من 587-638ص
336 _atext
_btxt
_2rdacontent
337 _aunmediated
_bn
_2rdamedia
338 _avolume
_bnc
_2rdacarrier
650 4 _aالمجتمع العربي
_949571
999 _aA21780
_c25348
_d25348